000 00372nam a2200145Ia 4500
008 210210b1999 xxu||||| |||| 00| 0 eng d
020 _a81 87326 11 5
082 _a181.4 KRIO
100 _aKRISHNAMURTI (J).
245 _aOn relationship.
260 _aChennai
_bKrishnamurti Foundation India
_c1999
300 _a164
690 _aIndian Philosophy
906 _aSG03368
999 _c114100
_d114100